Entry Nombre personal
001 - NÚMERO DE CONTROL
- campo de control: 33338
003 - IDENTIFICADOR DE NÚMERO DE CONTROL
- campo de control: SpMaBN
005 - FECHA Y HORA DE LA ÚLTIMA TRANSACCIÓN
- campo de control: 20240219222441.0
008 - ELEMENTOS DE DATO DE LONGITUD-FIJA
- campo de control de longitud fija: 010710nn ainnnaabn a aaa
016 ## - NÚMERO DE CONTROL DE UNA AGENCIA BIBLIOGRÁFICA NACIONAL
- Número de control del registro: BNE20013208799
024 8# - IDENTIFICADOR DE OTROS ESTÁNDARES
- Número estándar o código: https://data.cervantesvirtual.com/person/54256
024 7# - IDENTIFICADOR DE OTROS ESTÁNDARES
- Número estándar o código: http://viaf.org/viaf/14237323/
- Fuente: viaf
024 7# - IDENTIFICADOR DE OTROS ESTÁNDARES
- Número estándar o código: https://isni.org/isni/0000000076891277
- Fuente: isni
024 7# - IDENTIFICADOR DE OTROS ESTÁNDARES
- Número estándar o código: http://www.wikidata.org/entity/Q4822525
- Fuente: wikidata
040 ## - FUENTE DE CATALOGACIÓN
- Centro catalogador/agencia de origen: SpMaBN
- Lengua de catalogación: spa
- Centro/agencia transcriptor: SpMaBN
- Normas de descripción: rdc
- Convención/Normas de encabezamiento de materia/tesauro: embne
046 ## - FECHAS CON CODIFICACIÓN ESPECIAL
- Fecha de nacimiento: 1877
- Fecha de la muerte: 1958
080 ## - NÚMERO DE LA CLASIFICACIÓN DECIMAL UNIVERSAL
- Número de la Clasificación Decimal Universal: 821.134.2(85)..."19"
100 1# - ENCABEZAMIENTO-NOMBRE DE PERSONA
- Nombre de persona: Cáceres, Zoila Aurora,
- Fechas asociadas al nombre: 1877-1958
375 ## - GÉNERO/SEXO
- Género: Femenino
400 1# - TRAZADO DE VÉASE--NOMBRE DE PERSONA
- Nombre de persona: Cáceres, Aurora,
- Fechas asociadas al nombre: 1877-1958
670 ## - FUENTE DE DATOS ENCONTRADOS
- Cita de la fuente: La Francia religiosa, 1917
- Información encontrada: port. (Zoila Aurora Cáceres (Evangelina))
670 ## - FUENTE DE DATOS ENCONTRADOS
- Cita de la fuente: Mi vida con Enrique Gómez Carrillo, 1929
- Información encontrada: port. (Aurora Cáceres (Evangelina))
